000 00582nam a22001697a 4500
020 _qHard Cover.
082 _a621.3
100 _aHassan, Waleed
245 _aModel Predictive Control for Electronic Governor Used in Micro Hydro Power Plant /
_cWaleed Hassan.
260 _aIslamabad:
_bSEECS - NUST.
_c2017.
300 _ax, 51 p. : ill. ;
_c30cm.
650 _aMs Thesis.
_918721
700 _aDr. Rana Iftikhar Ahmed.
_919807
856 _uhttp://10.250.8.41:8080/xmlui/handle/123456789/13808
942 _2ddc
_cTHE
999 _c528196
_d528196